| 000 | 00434nam a22001457a 4500 | ||
|---|---|---|---|
| 020 | _a9788178089607 | ||
| 040 | _cnust | ||
| 082 |
_2Third Edition _a519.55 _bBOX |
||
| 100 |
_aBox.P.E. George _9122595 |
||
| 110 |
_aJenkins. M Gwilym, Reinsel. C Gregory _9122596 |
||
| 245 |
_aTime Series Analysis _bForecasting and Control |
||
| 260 |
_aNew Delh: _bPearson Education, Inc, _c2003. |
||
| 650 | _aTime Series Analysis | ||
| 942 |
_2ddc _cBK |
||
| 999 |
_c609054 _d609054 |
||